| 000 | 00556nam a2200181 i 4500 | ||
|---|---|---|---|
| 001 | 114706 | ||
| 003 | ES-MaACL | ||
| 005 | 20230906190231.0 | ||
| 007 | t| | ||
| 008 | 070321s1921 fr ||||1| fre d | ||
| 100 | 1 |
_aReverdy, Pierre. _996411 |
|
| 245 | 1 | 0 |
_aEtoiles peintes / _cPierre Reverdy ; avec une eau-forte originale de André Derain. |
| 260 |
_aParis : _bAux Editions du "Sagittaire", _c1921. |
||
| 300 |
_a40 p. : _bil. ; _c22 cm. |
||
| 500 | _aEjemplar numerado, nº 44. | ||
| 700 | 1 |
_aDerain, André. _943761 |
|
| 852 |
_aES-MaACL _j1625-F-7 |
||
| 999 |
_c114706 _d114706 |
||